000 00636nam a2200229Ia 4500
003 OSt
005 20220918225039.0
006 a|||||r|||| 00| 0
007 ta
008 220917b |||||||| |||| 00| 0 eng d
024 _a236,333
037 _cTextual
040 _aARTS
_cARTS
_beng
041 _2eng
_aeng
082 _aJ, K1(906)
110 _aStatictics branch - Minstry of Economy development
_9149545
245 0 _aEstimation of cultivated areas 1960
260 _c1961
700 _aStatictics branch - Minstry of Economy development
_9149546
942 _hJ, K1(906)
_cTEXL
_2CC
999 _c283235
_d283235